Za hradmi Malých Karpát II. 4. Zabetónovaná romantika

Bibliographic Details
Main Author: Nešpor, Jaroslav (Author)
Format: Article
Language:Slovak
PhysicalDescription:Fotogr.
ISSN:0323-0643
Subjects:

MARC

LEADER 00000nab a2200000 a 4500
001 vtls000712774
003 SK-MaSNL
005 20260305032421.0
008 250429c1999 xo 0 slo
015 |a SNBRB2000/02-04981 
035 |a CLN000064941 
035 |a urn:nbn:sk:snk-ab2vsg 
035 |a (urnnbn)urn:nbn:sk:snk:ar-a030e7 
035 |a (uuid)d088cbda-1c31-4a93-88a7-14c511fae36f 
040 |a SNKBUCL  |b slo  |c SNKBUCL  |e AACR2 
041 0 |a slo 
044 |a xo  |c SK 
080 |a 904(437.6):728.8  |2 1997 
080 |a 728.8(437.6)  |2 1997 
080 |a 93/94  |2 2011 
100 1 |a Nešpor, Jaroslav  |4 aut  |9 295959 
245 1 0 |a Za hradmi Malých Karpát II.  |n 4.  |p Zabetónovaná romantika  |c Jaroslav Nešpor 
300 |b Fotogr. 
610 2 7 |a Smolenický zámok (Smolenice, Slovensko)  |2 SNKKA  |9 165163 
650 0 7 |a zámky  |2 SNKPH  |9 3041 
651 7 |a Trnava (Slovensko : okres)  |2 SNKPHgeo  |9 51837 
655 7 |a články z novín a časopisov  |2 SNK  |9 267496 
773 0 |t Krásy Slovenska  |g Roč. 76, č. 11-12 (1999), s. 18-20  |x 0323-0643 
850 |a Slovenská národná knižnica 
852 |a Slovenská národná knižnica 
954 |a odborná, vedecká literatúra pôvodná (slovenská)  |2 lita 
958 |a article27 
958 |a OND 
958 |a SK 
958 |a EUIPO 
992 |a RBX 
999 |c 3320003  |d 3321933